[Event "SVM_Regionalliga_2023-24"]
[Site "?"]
[Date "2024.03.03"]
[Round "8.4"]
[White "Tipp, Alexander"]
[Black "Horbach, Fabian"]
[Result "1-0"]
[WhiteElo "1862"]
[BlackElo "1956"]
[PlyCount "81"]
[EventDate "2024.03.03"]
[WhiteTeam "Arminia Eilendorf 1"]
[BlackTeam "SV Herzogenrath 1"]

1. e4 c5 2. Nf3 e6 3. d4 cxd4 4. Nxd4 Bc5 5. Nb3 Bb6 6. Nc3 Ne7 7. Bf4 d5 8.
Qf3 Nbc6 9. O-O-O d4 10. Qg3 Ng6 11. Be3 e5 12. h4 O-O 13. Bc4 Be6 14. Bg5 Qc8
15. Bxe6 fxe6 16. Ne2 Nb4 17. Rd2 d3 18. Nc3 a5 19. Be3 a4 20. Na1 Ba5 21. a3
Na2+ 22. Nxa2 Bxd2+ 23. Bxd2 Qc4 24. Nb4 dxc2 25. Qd3 Qxd3 26. Nxd3 Rfd8 27.
Kxc2 Rd4 28. h5 Nf4 29. Nxf4 exf4 30. f3 Rc8+ 31. Bc3 Rc5 32. Rh4 e5 33. Rh1 b5
34. Kb1 Rdc4 35. Nc2 Kf7 36. Nb4 Ke6 37. h6 g6 38. Rd1 Rc8 39. Rd5 R4c5 40.
Rxc5 Rxc5 41. Nd3 1-0

[Event "SVM_Regionalliga_2023-24"]
[Site "?"]
[Date "2024.03.03"]
[Round "8.5"]
[White "Samraoui, Mekki"]
[Black "Alms, Frithjof"]
[Result "0-1"]
[WhiteElo "1886"]
[BlackElo "1811"]
[PlyCount "44"]
[EventDate "2024.03.03"]
[WhiteTeam "SV Herzogenrath 1"]
[BlackTeam "Arminia Eilendorf 1"]

1. b3 c6 2. Bb2 d5 3. e3 Bf5 4. g4 Bg6 5. h4 h6 6. Ne2 Be4 7. Rh3 Nd7 8. d3 Bh7
9. f4 e6 10. Nd2 Qb6 11. a4 a5 12. Nf3 Ngf6 13. g5 Ng4 14. Nfd4 h5 15. Ng3 Nxe3
16. Qe2 Bb4+ 17. c3 Qxd4 18. cxb4 Qxb4+ 19. Kf2 Qxf4+ 20. Kg1 Bf5 21. Nxh5 Rxh5
22. Qxh5 Bxh3 0-1

[Event "SVM_Regionalliga_2023-24"]
[Site "?"]
[Date "2024.03.03"]
[Round "8.6"]
[White "Mainka, Ingmar"]
[Black "Arns, Danny"]
[Result "0-1"]
[WhiteElo "1850"]
[BlackElo "1904"]
[PlyCount "74"]
[EventDate "2024.03.03"]
[WhiteTeam "Arminia Eilendorf 1"]
[BlackTeam "SV Herzogenrath 1"]

1. e4 e6 2. d4 d5 3. Nc3 dxe4 4. Nxe4 Be7 5. c3 Nd7 6. Bd3 Ngf6 7. Nf3 Nxe4 8.
Bxe4 Nf6 9. Bc2 c5 10. O-O O-O 11. Bg5 Qc7 12. Qd3 c4 13. Qe2 h6 14. Bh4 b5 15.
Bxf6 gxf6 16. d5 exd5 17. Qd2 Qd6 18. Qxh6 f5 19. Qh3 Qg6 20. Ne5 Qh7 21. Qf3
Be6 22. Rae1 Bd6 23. Qf4 Rfd8 24. Qg5+ Qg7 25. Qxg7+ Kxg7 26. Nc6 Rh8 27. h3
Kf6 28. Rd1 Rag8 29. Rfe1 Rxh3 30. Nxa7 Rh2 31. g3 Bxg3 32. fxg3 Rxc2 33. Nxb5
Rxg3+ 34. Kh1 Rxb2 35. a4 Bd7 36. Rxd5 Bc6 37. Nc7 Rd3 0-1

[Event "SVM_Regionalliga_2023-24"]
[Site "?"]
[Date "2024.03.03"]
[Round "8.7"]
[White "Schmitt, Lars"]
[Black "Kühnert, Sven"]
[Result "1-0"]
[WhiteElo "1816"]
[BlackElo "1799"]
[PlyCount "107"]
[EventDate "2024.03.03"]
[WhiteTeam "SV Herzogenrath 1"]
[BlackTeam "Arminia Eilendorf 1"]

1. d4 Nf6 2. c4 e6 3. Nc3 Bb4 4. e3 c5 5. d5 Ne4 6. Bd2 Nxd2 7. Qxd2 d6 8. Bd3
e5 9. e4 O-O 10. Nge2 f5 11. exf5 Bxf5 12. Bxf5 Rxf5 13. Qd3 Qg5 14. O-O Bxc3
15. Nxc3 Nd7 16. Ne4 Qh6 17. Nxd6 Rh5 18. Nf5 Qf4 19. Ng3 Rh4 20. b3 Rf8 21.
Rae1 Qh6 22. Nf5 Qf4 23. Nxh4 Qxh4 24. Qh3 Qe7 25. Qe6+ Qf7 26. Qxf7+ Kxf7 27.
f4 exf4 28. Rxf4+ Nf6 29. Rf5 Kg6 30. Rfe5 a6 31. Re7 b5 32. Ra7 bxc4 33. bxc4
Rb8 34. Rxa6 Rb4 35. Rc1 Kf5 36. Re6 Rb2 37. a3 Ra2 38. Re3 Ng4 39. Rf1+ Kg5
40. Rg3 Kh4 41. Rd1 Nf2 42. Re1 Rd2 43. Rxg7 Nd3 44. Rxh7+ Kg5 45. Rf1 Kg6 46.
Re7 Kg5 47. d6 Nf4 48. Re5+ Kg4 49. Rxf4+ Kxf4 50. Rd5 Rc2 51. Rd1 Ke3 52. d7
Ke2 53. d8=Q Rc3 54. Qd2# 1-0

[Event "SVM_Regionalliga_2023-24"]
[Site "?"]
[Date "2024.03.03"]
[Round "8.8"]
[White "Mainka, Irmin"]
[Black "Weyer, Hans-Jürgen"]
[Result "1-0"]
[WhiteElo "1798"]
[BlackElo "1780"]
[PlyCount "135"]
[EventDate "2024.03.03"]
[WhiteTeam "Arminia Eilendorf 1"]
[BlackTeam "SV Herzogenrath 1"]

1. e4 e6 2. d4 d5 3. exd5 exd5 4. Nf3 Nf6 5. Bg5 Be7 6. Bd3 O-O 7. Nbd2 Bg4 8.
c3 Bh5 9. Qc2 Bg6 10. O-O Bxd3 11. Qxd3 c6 12. Rae1 Nbd7 13. Re2 Bd6 14. Rfe1
Qc7 15. Ne5 h6 16. Bh4 Nh7 17. Nxd7 Qxd7 18. Be7 Rfe8 19. Bxd6 Rxe2 20. Qxe2
Qxd6 21. Qe7 Qxe7 22. Rxe7 Rb8 23. Nb3 Kf8 24. Rc7 Re8 25. Kf1 Re7 26. Rc8+ Re8
27. Rxe8+ Kxe8 28. Nc5 Nf6 29. Nxb7 Kd7 30. Nc5+ Kc7 31. Ke2 Ne8 32. Nd3 Nd6
33. Ne5 f6 34. Nd3 Ne8 35. b3 Kd6 36. Ke3 Nc7 37. a4 Ne6 38. Nf4 Nc7 39. c4 g5
40. c5+ Ke7 41. Nd3 Ne6 42. f4 Ng7 43. g4 Kd7 44. f5 h5 45. h3 hxg4 46. hxg4
Ne8 47. Kd2 Kc7 48. b4 a6 49. Nc1 Kb7 50. Kc3 Kc7 51. Kb3 Kb7 52. Ne2 Kc8 53.
b5 cxb5 54. axb5 axb5 55. Kb4 Kb7 56. Kxb5 Nc7+ 57. Kb4 Kc6 58. Nc3 Na6+ 59.
Kb3 Nb8 60. Na2 Kb5 61. Nb4 Nc6 62. Nxc6 Kxc6 63. Kb4 Kc7 64. Kb5 Kd7 65. c6+
Kd6 66. Kb6 Ke7 67. c7 Kd6 68. c8=Q 1-0

[Event "SVM_Regionalliga_2023-24"]
[Site "?"]
[Date "2024.03.03"]
[Round "8.1"]
[White "Hess, Christian"]
[Black "Vandenbergen, Nicolas"]
[Result "1/2-1/2"]
[WhiteElo "1995"]
[BlackElo "2133"]
[PlyCount "91"]
[EventDate "2024.03.03"]
[SourceDate "2024.03.03"]
[WhiteTeam "Langenfelder SF 2"]
[BlackTeam "Turm Euskirchen 1"]

1. e4 c5 2. Nf3 e6 3. d4 cxd4 4. Nxd4 Nf6 5. Nc3 Nc6 6. Ndb5 d6 7. Bf4 e5 8.
Bg5 a6 9. Na3 b5 10. Nd5 Be7 11. Bxf6 Bxf6 12. c3 Bg5 13. h4 Bh6 14. g4 Bf4 15.
Nxf4 exf4 16. Qd5 Bb7 17. O-O-O O-O 18. Qf5 Rc8 19. Qxf4 Ne5 20. Kb1 Re8 21. h5
Qb6 22. Rd4 Nf3 23. Qxf3 Qxd4 24. cxd4 Bxe4+ 25. Qd3 Bxh1 26. Qd2 Be4+ 27. Ka1
Bf3 28. g5 Bxh5 29. Bd3 Bg6 30. Bxg6 fxg6 31. b3 Rf8 32. Nc2 Rf5 33. Ne1 Rcf8
34. Nd3 Re8 35. f4 Re4 36. Qc3 Re3 37. Qd2 Re4 38. Kb2 Kf7 39. Qc3 Rd5 40. Qc7+
Kf8 41. Qb8+ Kf7 42. Qb7+ Ke6 43. Qc8+ Kf7 44. Qd7+ Re7 45. Ne5+ (45. Qc6 Rf5)
45... Rdxe5 46. Qxd6 {(=)} 1/2-1/2

[Event "SVM_Regionalliga_2023-24"]
[Site "?"]
[Date "2024.03.03"]
[Round "8.2"]
[White "Brinkmann, Sven"]
[Black "Schulte-Lentz, Christian"]
[Result "1/2-1/2"]
[WhiteElo "1998"]
[BlackElo "2043"]
[PlyCount "45"]
[EventDate "2024.03.03"]
[SourceDate "2024.03.03"]
[WhiteTeam "Turm Euskirchen 1"]
[BlackTeam "Langenfelder SF 2"]

1. e4 e5 2. Nf3 Nc6 3. Bb5 a6 4. Ba4 Nf6 5. d3 d6 6. c3 g6 7. O-O Bg7 8. Nbd2
O-O 9. Re1 b5 10. Bc2 Bb7 11. Nf1 Re8 12. Ne3 Nb8 13. Bb3 h6 14. a4 Nbd7 15. h3
Nc5 16. axb5 axb5 17. Rxa8 Bxa8 18. Ba2 Bc6 19. b4 Ne6 20. Nd5 Bd7 21. Be3 Nxd5
22. Bxd5 Nf4 23. Bb3 {(=)} 1/2-1/2

[Event "SVM_Regionalliga_2023-24"]
[Site "?"]
[Date "2024.03.03"]
[Round "8.3"]
[White "Weisshaupt, Rainer"]
[Black "Neubauer, Jürgen"]
[Result "0-1"]
[WhiteElo "1943"]
[BlackElo "1963"]
[PlyCount "74"]
[EventDate "2024.03.03"]
[SourceDate "2024.03.03"]
[WhiteTeam "Langenfelder SF 2"]
[BlackTeam "Turm Euskirchen 1"]

1. e4 c5 2. Nf3 d6 3. Na3 e5 4. c3 Nc6 5. Bb5 Bd7 6. O-O Nf6 7. Re1 Qc7 8. d4
Be7 9. Bg5 Rd8 10. Rc1 a6 11. Bf1 O-O 12. h3 b5 13. Nc2 h6 14. Bxf6 Bxf6 15.
Ne3 Ne7 16. Qd2 Qb7 17. d5 Qc8 18. Kh2 Ng6 19. g3 Be7 20. h4 Bf6 21. Be2 Kh8
22. Rh1 Rg8 23. Rcg1 Nf8 24. Kg2 Nh7 25. Kf1 g6 26. g4 Bg7 27. Rg3 f5 28. gxf5
gxf5 29. exf5 Bxf5 30. h5 Bf6 31. Nh4 Bxh4 32. Rxh4 Rxg3 33. fxg3 Ng5 34. Bg4
Bxg4 35. Nxg4 Rf8+ 36. Kg2 Qf5 37. Qe2 Nf3 0-1

[Event "SVM_Regionalliga_2023-24"]
[Site "?"]
[Date "2024.03.03"]
[Round "8.4"]
[White "Viganske, Christian"]
[Black "Hess, Dennis"]
[Result "1-0"]
[WhiteElo "2036"]
[BlackElo "1925"]
[PlyCount "29"]
[EventDate "2024.03.03"]
[SourceDate "2024.03.03"]
[WhiteTeam "Turm Euskirchen 1"]
[BlackTeam "Langenfelder SF 2"]

1. e4 d5 2. e5 Bf5 3. d4 e6 4. Bd3 Bxd3 5. Qxd3 c5 6. c3 cxd4 7. cxd4 Qb6 8.
Nc3 Nc6 9. Nf3 Nge7 10. O-O Nf5 11. Nxd5 exd5 12. Qxf5 Nxd4 13. Nxd4 Qxd4 14.
Be3 g6 15. Qf6 1-0

[Event "SVM_Regionalliga_2023-24"]
[Site "?"]
[Date "2024.03.03"]
[Round "8.5"]
[White "Bosbach, Jens"]
[Black "Hack, Thomas"]
[Result "1/2-1/2"]
[WhiteElo "1847"]
[BlackElo "1934"]
[PlyCount "63"]
[EventDate "2024.03.03"]
[SourceDate "2024.03.03"]
[WhiteTeam "Langenfelder SF 2"]
[BlackTeam "Turm Euskirchen 1"]

1. d4 Nf6 2. Nf3 e6 3. e3 b6 4. Bd3 Bb7 5. Nbd2 d6 6. O-O g6 7. b3 Bg7 8. Bb2
O-O 9. c4 Nbd7 10. e4 e5 11. Re1 Qe7 12. Qc2 Rfe8 13. d5 Rf8 14. g3 Bc8 15. b4
Ng4 16. Nh4 h5 17. Nf1 Bf6 18. Ng2 Kg7 19. f3 Nh6 20. Nge3 Rh8 21. Rac1 a5 22.
a3 Rf8 23. Re2 Kg8 24. Rf2 Bg7 25. Ng2 axb4 26. axb4 Bb7 27. Nfe3 Ra2 28. Qb3
Ra7 29. Nh4 Bf6 30. Nhg2 Bg7 31. Nh4 Bf6 32. Nhg2 {(=)} 1/2-1/2

[Event "SVM_Regionalliga_2023-24"]
[Site "?"]
[Date "2024.03.03"]
[Round "8.6"]
[White "Alnafkhosh, Nashaat"]
[Black "Unshelm, Jan Erik"]
[Result "1-0"]
[WhiteElo "1755"]
[BlackElo "1378"]
[PlyCount "93"]
[EventDate "2024.03.03"]
[SourceDate "2024.03.03"]
[WhiteTeam "Turm Euskirchen 1"]
[BlackTeam "Langenfelder SF 2"]

1. e4 c5 2. Nf3 d6 3. c3 Nf6 4. Be2 g6 5. O-O Bg7 6. e5 dxe5 7. Nxe5 O-O 8. Na3
Nd5 9. Nf3 e5 10. d3 Nc6 11. Bg5 Qc7 12. Qc1 Bg4 13. Nb5 Qd7 14. h3 Bxh3 15.
gxh3 Qxh3 16. c4 Nf6 17. Nh2 a6 18. Qe3 Qd7 19. Bxf6 Bxf6 20. Bg4 Qe7 21. Nc3
Bg5 22. Qh3 f5 23. Nd5 Qd6 24. Bf3 Rae8 25. Nc3 Nb4 26. Bxb7 Nxd3 27. Bd5+ Kg7
28. Qxd3 Bf4 29. Qh3 g5 30. Ne2 Rf6 31. Nxf4 exf4 32. Qc3 h5 33. Rfe1 Rxe1+ 34.
Rxe1 Kh6 35. Re8 g4 36. Rg8 Rg6 37. Qh8+ Kg5 38. Rxg6+ Qxg6 39. Qg8 Qxg8 40.
Bxg8 g3 41. Nf3+ Kg4 42. Bd5 h4 43. b4 h3 44. bxc5 h2+ 45. Nxh2+ Kh3 46. Bg2+
Kh4 47. c6 1-0

[Event "SVM_Regionalliga_2023-24"]
[Site "?"]
[Date "2024.03.03"]
[Round "8.7"]
[White "Schaffeld, Martin"]
[Black "Lobe, Sandra"]
[Result "1/2-1/2"]
[WhiteElo "1554"]
[BlackElo "1783"]
[PlyCount "36"]
[EventDate "2024.03.03"]
[SourceDate "2024.03.03"]
[WhiteTeam "Langenfelder SF 2"]
[BlackTeam "Turm Euskirchen 1"]

1. d4 Nf6 2. Bf4 d6 3. Nc3 g6 4. Nf3 Bg7 5. e4 O-O 6. Qd2 c6 7. Bh6 Qc7 8. Be2
Nbd7 9. h4 e5 10. h5 exd4 11. Nxd4 Ne5 12. hxg6 fxg6 13. O-O-O Qe7 14. Bxg7
Kxg7 15. Qg5 Nf7 16. Qh4 Bd7 17. f4 Rae8 18. Bf3 h5 {(=)} 1/2-1/2

[Event "SVM_Regionalliga_2023-24"]
[Site "?"]
[Date "2024.03.24"]
[Round "9.1"]
[Board "1"]
[White "Nikolov,Rumen"]
[Black "Hess,Christian"]
[WhiteTeam "Satranç Club 1"]
[BlackTeam "Langenfelder SF 2"]
[WhiteElo "2291"]
[BlackElo "2135"]
[WhiteDWZ "2306"]
[BlackDWZ "1995"]
[Result "1-0"]
[PlyCount "65"]
[EventDate "2024.03.24"]
[SourceDate "2024.03.24"]
 
1. e4 c5 2. Ne2 e6 3. d4 cxd4 4. Nxd4 Nc6 5. Nc3 a6 6. g3 Qc7 7. Bg2 b5 8. O-O
Bb7 9. Bf4 e5 10. Nd5 Qd8 11. Nxc6 dxc6 12. Bxe5 cxd5 13. exd5 f6 14. Qh5+ g6
15. Qe2 Kf7 16. Bc3 Kg7 17. Rfe1 b4 {(=)} 18. Bd4 Bxd5 19. Bxd5 Qxd5 20. Rad1
Qc6 21. Rd3 Rc8 22. c3 h5 23. Re3 Rh6 24. Re6 Qb5 25. Qf3 g5 26. Rb6 Qd7 27.
Ree6 Be7 28. Qf5 Rg6 29. Rxe7+ Qxe7 30. Qxc8 Qe1+ 31. Kg2 Qe4+ 32. f3 Qe2+ 33.
Bf2 1-0

[Event "SVM_Regionalliga_2023-24"]
[Site "?"]
[Date "2024.03.24"]
[Round "9.1"]
[Board "4"]
[White "Bosbach,Jens"]
[Black "Proba,Stefan"]
[WhiteTeam "Langenfelder SF 2"]
[BlackTeam "Satranç Club 1"]
[WhiteElo "1973"]
[BlackElo "1972"]
[WhiteDWZ "1847"]
[BlackDWZ "1895"]
[Result "1/2-1/2"]
[PlyCount "81"]
[EventDate "2024.03.24"]
[SourceDate "2024.03.24"]
 
1. d4 Nf6 2. Nf3 c5 3. e3 e6 4. Bd3 d5 5. c3 b6 6. Nbd2 Bb7 7. Qe2 Nbd7 8. e4
dxe4 9. Nxe4 Be7 10. Bf4 Nxe4 11. Bxe4 Bxe4 12. Qxe4 O-O 13. O-O Nf6 14. Qe2
Qc8 15. Rad1 Qb7 16. Rfe1 Rad8 17. h3 h6 18. Be5 Nd7 19. Bf4 Nf6 20. c4 cxd4
21. Rxd4 Bc5 22. Rxd8 Rxd8 23. Ne5 Rd4 24. Be3 Rd8 25. Bxc5 bxc5 26. b3 Qc7 27.
Qb2 Qd6 28. Nf3 Qd3 29. Qa3 Ne4 30. Qxa7 Qc2 31. Rf1 Rd1 32. Qa8+ Kh7 33. Qxe4+
Qxe4 34. Rxd1 Qc2 35. Rd2 Qc1+ 36. Kh2 e5 37. Rd5 Qf4+ 38. Kg1 Qc1+ 39. Kh2
Qf4+ 40. Kg1 Qc1+ 41. Kh2 1/2-1/2

[Event "SVM_Regionalliga_2023-24"]
[Site "?"]
[Date "2024.03.24"]
[Round "9.2"]
[Board "1"]
[White "Vandenbergen,Nicolas"]
[Black "Meirick,Ingo"]
[WhiteTeam "Turm Euskirchen 1"]
[BlackTeam "SV Herzogenrath 1"]
[WhiteElo "2107"]
[BlackElo "2147"]
[WhiteDWZ "2133"]
[BlackDWZ "2162"]
[Result "0-1"]
[PlyCount "64"]
[EventDate "2024.03.24"]
[SourceDate "2024.03.24"]
 
1. Nc3 d5 2. e4 d4 3. Nce2 e5 4. Ng3 Be6 5. c3 Nc6 6. Bb5 Nge7 7. cxd4 Qxd4 8.
Nf3 Qd6 9. O-O a6 10. Qa4 O-O-O 11. Bc4 Kb8 12. Bxe6 Qxe6 13. d3 f6 14. Be3
Rxd3 15. Rfd1 Rxd1+ 16. Rxd1 Nc8 17. Ne2 Nb6 18. Bxb6 cxb6 19. Nc3 Bc5 20. Nd5
Rc8 21. Qb3 Nd4 22. Nxd4 Bxd4 23. Qg3 Qd7 24. h3 Ka7 25. Qb3 Qd6 26. Rd2 Rc1+
27. Kh2 Qc5 28. Qf3 Rf1 29. Kg3 Qc1 30. Qd3 Qe1 31. Ne3 Rxf2 32. Nc2 Qxd2 0-1

[Event "SVM_Regionalliga_2023-24"]
[Site "?"]
[Date "2024.03.24"]
[Round "9.2"]
[Board "2"]
[White "Schreyer,Oliver"]
[Black "Brinkmann,Sven"]
[WhiteTeam "SV Herzogenrath 1"]
[BlackTeam "Turm Euskirchen 1"]
[WhiteElo "2106"]
[BlackElo "2054"]
[WhiteDWZ "2038"]
[BlackDWZ "1998"]
[Result "0-1"]
[PlyCount "53"]
[EventDate "2024.03.24"]
[SourceDate "2024.03.24"]
 
1. d4 d5 2. Nf3 Nf6 3. e3 e6 4. Bd3 Be7 5. O-O Nbd7 6. b3 O-O 7. Nbd2 c5 8. Bb2
a6 9. Qe2 b5 10. c4 bxc4 11. bxc4 cxd4 12. Bxd4 a5 13. cxd5 Nxd5 14. Rfc1 Bb7
15. Rab1 Nb4 16. Bc4 Bd5 17. a3 Bxc4 18. Nxc4 Nd5 19. e4 Nf4 20. Qe3 Ng6 21. g3
Rc8 22. Rb7 a4 23. Bxg7 Kxg7 24. Rd1 Rc7 25. Rxc7 Qxc7 26. Qd4+ Nf6 27. h4 0-1

[Event "SVM_Regionalliga_2023-24"]
[Site "?"]
[Date "2024.03.24"]
[Round "9.2"]
[Board "3"]
[White "Neubauer,Jürgen"]
[Black "Zappel,Marius"]
[WhiteTeam "Turm Euskirchen 1"]
[BlackTeam "SV Herzogenrath 1"]
[WhiteElo "2004"]
[BlackElo "2035"]
[WhiteDWZ "1972"]
[BlackDWZ "2064"]
[Result "1-0"]
[PlyCount "65"]
[EventDate "2024.03.24"]
[SourceDate "2024.03.24"]
 
1. e4 c5 2. Nf3 Nc6 3. d4 cxd4 4. Nxd4 e5 5. Nb5 d6 6. N1c3 a6 7. Na3 b5 8. Nd5
Nf6 9. Bg5 Be6 10. c3 Bxd5 11. exd5 Ne7 12. Bxf6 gxf6 13. Nxb5 Bg7 14. Na3 O-O
15. Be2 f5 16. O-O Ng6 17. Nc4 Kh8 18. g3 Rc8 19. Qa4 f4 20. Qxa6 Rxc4 21. Qxc4
f5 22. Bh5 Ne7 23. a4 e4 24. a5 Nc8 25. a6 Na7 26. Bd1 Rg8 27. Qe2 Be5 28. Kh1
Rg6 29. Rg1 Rh6 30. gxf4 Qh4 31. Rg2 Bxf4 32. f3 e3 33. Bc2 1-0

[Event "SVM_Regionalliga_2023-24"]
[Site "?"]
[Date "2024.03.24"]
[Round "9.2"]
[Board "5"]
[White "Hack,Thomas"]
[Black "Arns,Danny"]
[WhiteTeam "Turm Euskirchen 1"]
[BlackTeam "SV Herzogenrath 1"]
[WhiteElo "2014"]
[BlackElo "1885"]
[WhiteDWZ "1934"]
[BlackDWZ "1925"]
[Result "1/2-1/2"]
[PlyCount "66"]
[EventDate "2024.03.24"]
[SourceDate "2024.03.24"]
 
1. e4 e6 2. d4 d5 3. Nc3 dxe4 4. Nxe4 Nd7 5. Nf3 Be7 6. Bd3 Ngf6 7. O-O Nxe4 8.
Bxe4 Nf6 9. Bd3 O-O 10. Bg5 c5 11. dxc5 Bxc5 12. Qe2 h6 13. Bh4 Be7 14. c4 Qc7
15. Rad1 Bd7 16. Ne5 Bc6 17. f4 Rad8 18. h3 Qb6+ 19. Kh2 Qc7 20. g4 Bd6 21. g5
hxg5 22. Bxg5 Bxe5 23. fxe5 Ne4 24. Bf4 f5 25. exf6 e5 26. Rg1 Rxf6 27. Bxe4
Rxd1 28. Rxd1 exf4 29. Bf3 Bxf3 30. Qxf3 Qxc4 31. Rd8+ Kh7 32. Qh5+ Rh6 33.
Qf5+ Rg6 1/2-1/2

[Event "SVM_Regionalliga_2023-24"]
[Site "?"]
[Date "2024.03.24"]
[Round "9.2"]
[Board "6"]
[White "Schreyer,Erik"]
[Black "Alnafkhosh,Nashaat"]
[WhiteTeam "SV Herzogenrath 1"]
[BlackTeam "Turm Euskirchen 1"]
[WhiteElo "1883"]
[BlackElo "1757"]
[WhiteDWZ "1976"]
[BlackDWZ "1745"]
[Result "1/2-1/2"]
[PlyCount "147"]
[EventDate "2024.03.24"]
[SourceDate "2024.03.24"]
 
1. e4 Nc6 2. d4 e5 3. Nf3 exd4 4. Nxd4 Ne5 5. f4 Ng6 6. g3 d5 7. Bb5+ Bd7 8.
exd5 Bxb5 9. Nxb5 a6 10. N5c3 Nf6 11. Be3 Qe7 12. Qe2 O-O-O 13. Nd2 h5 14.
O-O-O Nxd5 15. Nxd5 Rxd5 16. Qc4 Qe6 17. Rhe1 Rd6 18. Qxe6+ fxe6 19. h4 Be7 20.
Nf3 Rxd1+ 21. Rxd1 Bf6 22. Bd4 Rd8 23. c3 Rd5 24. Re1 Kd7 25. Kc2 c5 26. Be5 b5
27. b3 Ke7 28. c4 Rd7 29. cxb5 axb5 30. a4 bxa4 31. bxa4 Ra7 32. Ra1 Kd7 33.
Rd1+ Kc8 34. Kb3 Rb7+ 35. Kc4 Rb4+ 36. Kxc5 Rxa4 37. Bxf6 gxf6 38. Rd6 Nf8 39.
Nd4 e5 40. fxe5 fxe5 41. Nf5 Nd7+ 42. Kd5 Kc7 43. Ke6 Nc5+ 44. Kxe5 Nd7+ 45.
Ke6 Re4+ 46. Kf7 Re5 47. Rxd7+ Kxd7 48. Kg6 Ra5 49. Ng7 Ke7 50. Nxh5 Ra6+ 51.
Kg5 Kf7 52. Nf4 Kg7 53. h5 Ra5+ 54. Kh4 Kh6 55. g4 Re5 56. Ng6 Re4 57. Nf8 Re1
58. g5+ Kg7 59. Ng6 Rh1+ 60. Kg4 Rg1+ 61. Kf5 Ra1 62. h6+ Kh7 63. Nf8+ Kg8 64.
Nd7 Rh1 65. Nf6+ Kh8 66. Ng4 Rf1+ 67. Kg6 Rh1 68. Ne5 Rh2 69. Kf6 Rf2+ 70. Ke6
Kh7 71. Ng4 Rf1 72. Ne5 Rg1 73. g6+ Rxg6+ 74. Nxg6 1/2-1/2

[Event "SVM_Regionalliga_2023-24"]
[Site "?"]
[Date "2024.03.24"]
[Round "9.3"]
[Board "1"]
[White "Mainka,Alwin"]
[Black "Reinöhl,Christian"]
[WhiteTeam "Arminia Eilendorf 1"]
[BlackTeam "SK Troisdorf 1"]
[WhiteElo "2216"]
[BlackElo "2118"]
[WhiteDWZ "2163"]
[BlackDWZ "2130"]
[Result "1/2-1/2"]
[PlyCount "107"]
[EventDate "2024.03.24"]
[SourceDate "2024.03.24"]
 
1. e4 e5 2. Nf3 Nc6 3. Bb5 a6 4. Ba4 d6 5. c3 f5 6. exf5 Bxf5 7. O-O Bd3 8. Re1
Be7 9. Bc2 Bxc2 10. Qxc2 Nf6 11. d4 e4 12. Ng5 d5 13. f3 h6 14. Nh3 O-O 15.
fxe4 Nxe4 16. Nf4 Bd6 17. g3 Bxf4 18. Bxf4 g5 19. Be3 Qd6 20. Qg2 Rae8 21. Nd2
Nf6 22. Nf3 Ng4 23. Bd2 Re4 24. h4 gxh4 25. Bf4 Qe6 26. Rxe4 dxe4 27. Nxh4 Ne7
28. c4 Ng6 29. Nxg6 Qxg6 30. Re1 Re8 31. Bxc7 Qf6 32. Be5 Nxe5 33. dxe5 Qxe5
34. Re3 Rd8 35. Rxe4 Rd1+ 36. Kh2 Qh5+ 37. Rh4 Qg5 38. Qf3 Qd2+ 39. Kh3 Qd7+
40. Rg4+ Kh7 41. Qe4+ Kh8 42. Kh4 Rd2 43. Kh5 Qf7+ 44. Kxh6 Rd6+ 45. Rg6 Rxg6+
46. Qxg6 Qf8+ 47. Kg5 Qc5+ 48. Qf5 Qxc4 49. Kg6 Qg8+ 50. Kh5 Qxg3 51. Qc8+ Qg8
52. Qxb7 Qxa2 53. Qc8+ Kg7 54. Qc3+ 1/2-1/2

[Event "SVM_Regionalliga_2023-24"]
[Site "?"]
[Date "2024.03.24"]
[Round "9.3"]
[Board "2"]
[White "Schwarz,Andreas"]
[Black "Tipp,Alexander"]
[WhiteTeam "SK Troisdorf 1"]
[BlackTeam "Arminia Eilendorf 1"]
[WhiteElo "2125"]
[BlackElo "1697"]
[WhiteDWZ "2134"]
[BlackDWZ "1862"]
[Result "1-0"]
[PlyCount "91"]
[EventDate "2024.03.24"]
[SourceDate "2024.03.24"]
 
1. d4 f5 2. Qd3 e6 3. Nc3 Nf6 4. Bg5 Bb4 5. O-O-O d5 6. g4 Bxc3 7. Qxc3 Ne4 8.
Bxd8 Nxc3 9. bxc3 Kxd8 10. gxf5 exf5 11. Nh3 Be6 12. Bg2 c6 13. c4 Nd7 14. Nf4
Re8 15. cxd5 Bxd5 16. Bxd5 cxd5 17. Rhg1 g6 18. h4 Nf6 19. f3 Rg8 20. Kd2 Kd7
21. Rb1 b6 22. a4 Rac8 23. a5 Rc6 24. axb6 axb6 25. Rb5 Rgc8 26. Rb2 Kd6 27.
Rgb1 Nd7 28. Rg1 Rg8 29. Rb5 Nf6 30. Rgb1 Rb8 31. c3 Ra8 32. Rxb6 Ra2+ 33. Kd3
Ra3 34. Rxc6+ Kxc6 35. Rb8 Kd6 36. Rb6+ Ke7 37. Rb7+ Ke8 38. Rb5 Ra1 39. Nxd5
Nxd5 40. Rxd5 Rh1 41. c4 Rxh4 42. c5 Rh1 43. Re5+ Kd7 44. Kc4 Rd1 45. Kd5 h5
46. c6+ 1-0

[Event "SVM_Regionalliga_2023-24"]
[Site "?"]
[Date "2024.03.24"]
[Round "9.3"]
[Board "3"]
[White "Alms,Frithjof"]
[Black "Fuß,Jean-Pierre"]
[WhiteTeam "Arminia Eilendorf 1"]
[BlackTeam "SK Troisdorf 1"]
[WhiteElo "1647"]
[BlackElo "1928"]
[WhiteDWZ "1811"]
[BlackDWZ "2014"]
[Result "1/2-1/2"]
[PlyCount "59"]
[EventDate "2024.03.24"]
[SourceDate "2024.03.24"]
 
1. e4 c6 2. Nf3 d5 3. Nc3 dxe4 4. Nxe4 Nf6 5. Nxf6+ exf6 6. Bc4 Qe7+ 7. Qe2 Bf5
8. c3 Nd7 9. d4 Qxe2+ 10. Bxe2 Bd6 11. O-O h6 12. Bd2 O-O 13. Rfe1 g5 14. Rad1
Rfe8 15. h3 Kg7 16. Bc4 a5 17. Rxe8 Rxe8 18. Re1 Ra8 19. a3 b5 20. Bb3 Nb6 21.
Nh2 Ra7 22. Nf1 Bd3 23. Rd1 Bg6 24. Ne3 f5 25. Bc2 Kf6 26. Re1 Bf4 27. g3 Bxe3
28. Bxe3 Nc4 29. Bc1 Re7 30. Rxe7 1/2-1/2

[Event "SVM_Regionalliga_2023-24"]
[Site "?"]
[Date "2024.03.24"]
[Round "9.3"]
[Board "6"]
[White "Möws,Thomas"]
[Black "Mainka,Irmin"]
[WhiteTeam "SK Troisdorf 1"]
[BlackTeam "Arminia Eilendorf 1"]
[WhiteElo "1767"]
[BlackElo "1562"]
[WhiteDWZ "1759"]
[BlackDWZ "1798"]
[Result "0-1"]
[PlyCount "62"]
[EventDate "2024.03.24"]
[SourceDate "2024.03.24"]
 
1. d4 d5 2. Nf3 Nf6 3. e3 e6 4. Bd3 Nbd7 5. O-O b6 6. Nbd2 Bb7 7. Re1 Be7 8. c3
O-O 9. Qc2 c5 10. Ne5 Qc7 11. Nxd7 Qxd7 12. dxc5 Bxc5 13. e4 Ng4 14. Re2 Ne5
15. Nb3 Nxd3 16. Qxd3 Be7 17. Bf4 Qa4 18. f3 Ba6 19. Qd2 Bxe2 20. Qxe2 dxe4 21.
fxe4 Rad8 22. Nd4 Bc5 23. Be3 e5 24. b3 Qd7 25. Nf5 g6 26. Bxc5 bxc5 27. Nh6+
Kg7 28. Ng4 Qd3 29. Qe1 f6 30. c4 Qd2 31. Qh4 Qd4+ 0-1

[Event "SVM_Regionalliga_2023-24"]
[Site "?"]
[Date "2024.03.24"]
[Round "9.4"]
[Board "2"]
[White "Richter,Dirk"]
[Black "Schüller,Tobias"]
[WhiteTeam "SG Siebengebirge 1"]
[BlackTeam "Eschweiler SC 1"]
[WhiteElo "2112"]
[BlackElo "2011"]
[WhiteDWZ "2052"]
[BlackDWZ "2007"]
[Result "1/2-1/2"]
[PlyCount "116"]
[EventDate "2024.03.24"]
[SourceDate "2024.03.24"]
 
1. c4 e5 2. Nc3 Nc6 3. g3 g6 4. Bg2 Bg7 5. Nf3 f5 6. d3 d6 7. Rb1 a5 8. a3 Nge7
9. Bd2 Be6 10. b4 axb4 {(=)} 11. axb4 Qd7 12. Ng5 Bg8 13. Ra1 Rxa1 14. Qxa1 h6
15. Qa8+ Qc8 16. Qxc8+ Nxc8 17. b5 Nd8 18. Nf3 Bf7 19. O-O Ne7 20. Ra1 Kd7 21.
Ne1 b6 22. Nc2 Ne6 23. Ra7 Nc5 24. Bc6+ Nxc6 25. bxc6+ Kxc6 26. Nb4+ Kd7 27.
Ncd5 Bxd5 28. Nxd5 Ne6 29. Nxb6+ Kc6 30. Nd5 Bf8 31. Bc3 Rh7 32. e3 Be7 33. d4
exd4 34. exd4 Kd7 35. f4 Bd8 36. Kf2 Kc8 37. Ke3 Kb8 38. Ra2 c6 39. Nb4 Kb7 40.
d5 Bb6+ 41. Kf3 cxd5 42. Nxd5 Nc7 43. Rb2 Nxd5 44. cxd5 Kc7 45. Re2 Kd7 46. Re6
Re7 47. Rxe7+ Kxe7 48. h3 h5 49. g4 Bd8 50. Bd4 Kd7 51. gxf5 gxf5 52. Ke3 Kc7
53. Kd3 Kb7 54. Bg7 Be7 55. Kc4 Bh4 56. Kb5 Bg3 57. Bh6 Bh2 58. Bg5 Bg3 {(=)}
1/2-1/2